Introducción al derecho de las relaciones colectivas de trabajo
Uloženo v:
| Hlavní autor: | |
|---|---|
| Médium: | Kniha |
| Jazyk: | španělština |
| Vydáno: |
Montevideo
Fundación de Cultura Universitaria
1995
|
| Vydání: | 1a. ed |
| Témata: | |
| Tagy: |
Přidat tag
Žádné tagy, Buďte první, kdo vytvoří štítek k tomuto záznamu!
|
MARC
| LEADER | 00000nam a2200000 a 4500 | ||
|---|---|---|---|
| 001 | UCK7208 | ||
| 003 | CL-VaPUC | ||
| 008 | 051111e19950000UY |||||||||||||||||spa|d | ||
| 020 | |a 9974200318 | ||
| 082 | 0 | 4 | |a 331.8 |b PER |2 21 |
| 100 | 0 | |a Pérez del Castillo, Santiago |e author |9 496674 | |
| 245 | 1 | 0 | |a Introducción al derecho de las relaciones colectivas de trabajo |
| 250 | |a 1a. ed | ||
| 300 | |a 100 p | ||
| 942 | |c BK | ||
| 945 | |d 20051111 00:00:00 |a cmena | ||
| 260 | |a Montevideo |b Fundación de Cultura Universitaria |c 1995 | ||
| 650 | 7 | |a DERECHOS SINDICALES |2 CL-VaPUC |9 16 | |
| 650 | 0 | |a Naturaleza jurídica |9 371885 | |
| 650 | 7 | |a DERECHO DE ASOCIACION |2 CL-VaPUC |9 496675 | |
| 650 | 7 | |a MOVIMIENTO SINDICAL |2 CL-VaPUC |9 469553 | |
| 650 | 0 | |a Sindicatos |9 255034 | |
| 650 | 0 | |a Derecho uruguayo |9 387616 | |
| 650 | 0 | |a Derecho internacional |9 255637 | |
| 583 | |a last modification |c 20051111 00:00:00 |k Rodrigo Vera | ||
| 999 | |c 315248 |d 315246 | ||
| 952 | |0 0 |1 0 |4 0 |6 331_800000000000000_PER_1995 |7 0 |8 A |9 388238 |a BIBDER |b BIBDER |d 2019-11-22 |i 4175492 |o 331.8 PER 1995 |p 4175492 |r 2023-01-25 |w 2019-11-22 |y BK |k DER | ||